000 01583nam a2200361Ii 4500
008 221202s xx 000 0 und d
100 1 _aLombardo, Emanuela,
_eauthor
245 0 _aStopping rape
264 1 _aBristol
_bPolicy Press
_c2015
300 _a1 online resource (322 pages)
336 _atext
_btxt
_2rdacontent
337 _acomputer
_bc
_2rdamedia
338 _aonline resource
_bcr
_2rdacarrier
520 _aEpdf available Open Access under CC-BY-NC licence. This book offers a comprehensive guide to the international policies developed to stop rape, together with case studies on their effectiveness in practice. Engaging with the legal and criminal justice systems, health services, specialised services for victim-survivors, educational and cultural outreach, and more, it brings together both theory and real-world evidence to build a thorough picture of worldwide efforts to fight rape in all its contexts.
653 _aComprehensive
653 _aPolicy
653 _aRape
653 _aStopping
653 _aTowards
700 1 _aAgarwal, Bina
700 1 _aArmstrong, Jo
700 1 _aFrancis, Brian
700 1 _aFranzway, Suzanne
700 1 _aKrizsán, Andrea
700 1 _aMay-Chahal, Corinne
700 1 _aOlive, Phillipa
700 1 _aStrid, Sofia
700 1 _aSugarman, David
700 1 _aTowers, Jude
700 1 _aWalby, Sylvia
856 _uhttps://docs.google.com/spreadsheets/d/1yKIrdCPDAG_9c22mwoOIO2DOhtj65Wqa/edit?usp=sharing&ouid=106555315294820607512&rtpof=true&sd=true
_yList of Curated E-Books
942 _cE-BOOK
999 _c96803
_d96800